000 00529nam a2200181Ia 4500
008 151018s9999 xx 000 0 und d
082 _bRBASDV44718
_a891.463
100 _aगिरीश जाखोटिया
245 _aवंश
250 _b1
260 _bराजेंद्र प्रकाशन
_c2008
300 _a246
600 _aगिरीश जाखोटिया
630 _aवंश
700 _aगिरीश जाखोटिया
730 _aवंश
942 _cBOOK
999 _c1043915
_d1043912